00421 2200169 4500001002100000005001500021008004100036020001800077035001900095082001100114090001700125100001300142245002000155250001100175260003700186300002800223INLIS00000000000653520241224113316241224||||||||| | ||| |||| ||  a979-514-102-3 0010-12240065350 a411.52 a411.52 SOE k0 aSoedjito00aKalimat Efektif aREVISI aBandungbRemaja Rosdakaryac1991 aviii + 78 hlm.; 20,5 cm